00210nam a2200085Ia 4500008004100000100002400041245001900065260002600084650001400110190216s9999||||xx |||||||||||||| ||und|| aNarayana Panicker R 0aBhagavadajugam bPoorna Pubs Kozhikode aMalayalam